Strength of materials / (Record no. 4392)

000 -LEADER
fixed length control field 01432cam a2200445 a 4500
003 - CONTROL NUMBER IDENTIFIER
control field UkOxU
005 - DATE AND TIME OF LATEST TRANSACTION
control field 20220323075229.0
008 - FIXED-LENGTH DATA ELEMENTS--GENERAL INFORMATION
fixed length control field 880808s1969 enka 001 0 eng d
020 ## - INTERNATIONAL STANDARD BOOK NUMBER
International Standard Book Number 0333107942
020 ## - INTERNATIONAL STANDARD BOOK NUMBER
International Standard Book Number 0333109287
040 ## - CATALOGING SOURCE
Transcribing agency EQI
050 ## - LIBRARY OF CONGRESS CALL NUMBER
Classification number TA405
Item number .R92 1969
092 ## - LOCALLY ASSIGNED DEWEY CALL NUMBER (OCLC)
Classification number D0400203941
092 ## - LOCALLY ASSIGNED DEWEY CALL NUMBER (OCLC)
Classification number 10160237
092 ## - LOCALLY ASSIGNED DEWEY CALL NUMBER (OCLC)
Classification number 10160237
100 1# - MAIN ENTRY--PERSONAL NAME
Personal name Ryder, G. H.
245 10 - TITLE STATEMENT
Title Strength of materials /
Statement of responsibility, etc. G.H. Ryder.
250 ## - EDITION STATEMENT
Edition statement 3rd ed., in SI units..
260 ## - PUBLICATION, DISTRIBUTION, ETC.
Place of publication, distribution, etc. London :
Name of publisher, distributor, etc. Macmillan,
Date of publication, distribution, etc. 1969
300 ## - PHYSICAL DESCRIPTION
Extent xii, 340 p. :
Other physical details ill., tables ;
Dimensions 22 cm.
500 ## - GENERAL NOTE
General note Includes index.
650 #0 - SUBJECT ADDED ENTRY--TOPICAL TERM
Topical term or geographic name entry element Strength of materials.
942 ## - ADDED ENTRY ELEMENTS (KOHA)
Source of classification or shelving scheme
Koha item type Book
Suppress in OPAC MM
Holdings
Withdrawn status Lost status Source of classification or shelving scheme Damaged status Not for loan Permanent Location Current Location Shelving location Date acquired Source of acquisition Total Checkouts Full call number Barcode Date last seen Price effective from Koha item type Public note
          AU LIBRARY AU LIBRARY Open Shelf 23.03.2022 DONATION FROM MOI UNIVERSITY   TA405 .R92 1969 28006073 23.03.2022 23.03.2022 Book MM

Powered by Koha